=LDR 00000nam 2200000 4500 =001 INLIS000000000029724 =005 20230417104237 =035 ##$$a 0010-061300000029724 =008 230417################g##########0#ind## =041 ##$$a Ind =082 ##$$a 370.152 3 =090 ##$$a 370.152, Sya p =100 1#$$a Syah, Muhibbin =245 1#$$a Psikologi Belajar /$c Muhibbin Syah, M.Ed =260 ##$$a Jakarta :$b PT. Raja Grafindo Persada,$c 2003 =300 ##$$a xx, 250 hlm, ; $c 13 x 19 cm =650 #4$$a Psikologi Balajar =850 ##$$a NBPNMAT =020 ##$$a 979-421-933-9 =084 ##$$a 370.152 3 SYA p =250 ##$$a Edisi revisi =990 ##$$a 21302435 =990 ##$$a 21302434 =990 ##$$a 20611625 =990 ##$$a 92790/BPAP-NTB/2014 =990 ##$$a 92791/BPAP-NTB/2014 =990 ##$$a 92985/BPAP-NTB/2014 =990 ##$$a 21195912/BPAP-NTB/2014 =990 ##$$a 51800087